Japan Faces Affluence 39. Joseph Fisher Lecture in Commerce

Salvato in:
Dettagli Bibliografici
Natura: Libro
Lingua:inglese
Pubblicazione: Adelaide University 1985
Edizione:1. ed.
Tags: Aggiungi Tag
Nessun Tag, puoi essere il primo ad aggiungerne!!

MARC

LEADER 00000nam a2200000 4500
001 c022825
005 20221220075548.5
041 0 |a eng 
044 |a AU 
245 1 0 |a Japan Faces Affluence  |b 39. Joseph Fisher Lecture in Commerce 
250 |a 1. ed. 
264 1 |a Adelaide  |b University  |c 1985 
300 |a 18 s.